000 00343 a2200169 4500
001 188764
020 _a85-16-03544-1
040 _cMagnum
100 _aCarrasco, Walcyr
240 1 0 _aIrmão negro
_lpor
245 1 0 _aIrmão negro
300 _a80
362 0 _a2003
440 1 _aModerna
697 _aLITERATURA JUVENIL
942 _cBK
999 _c188764
_d188764